Statistics for countries by clue p1

Click here to take the quiz!

General Stats

  • This quiz has been taken 27 times
  • The average score is 23 of 28

Answer Stats

HintAnswer% Correct
largest country by populationChina
100%
largest country by sq miRussia
100%
country where the bald eagle liesUnited States
100%
maple syrupCanada
96%
the pharohsEgypt
96%
Eiffel towerFrance
96%
largest Spanish speaking countryMexico
96%
who was Christopher Columbus getting land forSpain
92%
my capital is stockholmSweden
92%
biggest economy in europeGermany
88%
istanbulTurkey
88%
ankara messi gol gol golArgentina
84%
Tasmanian devil originAustralia
84%
so much coffeeBrazil
84%
the dehli meats lie hereIndia
84%
my potato famine made the us stock market crashIreland
84%
its a marioItaly
84%
lesotho and eswatini landlockerSouth Africa
84%
andes mountainsChile
80%
my fjords are very weirdNorway
80%
alexander the greatGreece
76%
my leader is fatNorth Korea
72%
my country has cardinal directions in its nameSouth Korea
72%
most populous city formerly known as edoJapan
68%
the flag never restsUnited Kingdom
68%
replace the r with cIceland
56%
suiiiiiiiiiiiiiiiiiiiiiPortugal
56%
75% forestsFinland
48%

Score Distribution

Percentile by Number Answered

Percent of People with Each Score

Your Score History

You have not taken this quiz